00502nam a2200181Ia 4500003000900000008004100009020001600050040001600066080002100082245005000103260003500153300001500188650002400203650004100227650002300268650001100291700001800302IN-BaIIA211028s9999 xx 000 0 eng d a7204-1507-1 cIIA Library a047.1:535bPRO-7 0aProgress in opticsbvol. 7cedited by Wolf E. aAmsterdambNorth-Hollandc1969 axii, 438p. aAstronomical optics aAstronomy and Astrophysics Thesaurus aOptical properties aOptics aWolf, E., ed.